[Event "PriFR-ch Seniors"]
[Site "Izhevsk"]
[Date "2010.03.17"]
[Round "5"]
[White "Petrov, Vladimir A"]
[Black "Vasjukov, Alexander"]
[Result "0-1"]
[WhiteElo "2008"]
[BlackElo "2137"]
[PlyCount "114"]
[EventDate "2010.03.13"]
[EventType "swiss"]
[EventRounds "9"]
[EventCountry "RUS"]
[SourceTitle "EXT 2012"]
[Source "ChessBase"]
[SourceDate "2011.11.24"]
[SourceVersion "1"]
[SourceVersionDate "2011.11.24"]
[SourceQuality "1"]

1. d4 Nf6 2. c4 e6 3. Nf3 d5 4. Nc3 c6 5. e3 Nbd7 6. Bd3 Bd6 7. 0-0 0-0 8. Qc2 e5 9. cxd5 cxd5 10. dxe5 Nxe5 11. Be2 Be6 12. Nd4 Rc8 13. Qb3 Qe7 14. Ncb5 Bb8 15. Bd2 Rfd8 16. Bb4 Qe8 17. Qa3 Nc6 18. Nxc6 bxc6 19. Nd6 Bxd6 20. Bxd6 Ne4 21. Bb4 c5 22. Ba5 Rd6 23. Rfc1 Qc6 24. Be1 a6 25. Rc2 c4 26. Rd1 Rd7 27. f3 Nd6 28. Qc3 Nb5 29. Qe5 f6 30. Qf4 Bf7 31. Qg4 h5 32. Qg3 Qe6 33. Bf2 Nd6 34. h4 Nf5 35. Qh3 Re7 36. Rxd5 Qxd5 37. e4 Qa5 38. Qxf5 Qxf5 39. exf5 Re5 40. b3 Rce8 41. Bxc4 Bxc4 42. Rxc4 Rxf5 43. Ra4 Re6 44. Ba7 Rd5 45. Bd4 Re2 46. Kf1 Rc2 47. Kg1 Rd7 48. Be3 Rd1+ 49. Kh2 Re1 50. Bf4 Ree2 51. Rxa6 Rxg2+ 52. Kh3 Rg1 53. Ra5 Rf2 54. Bb8 Rxf3+ 55. Kh2 Ra1 56. Kg2 Rd3 57. Rxh5 Rxa2+ 0-1

[Event "PriFR-ch Seniors 6th"]
[Site "Samara"]
[Date "2008.03.14"]
[Round "4"]
[White "Vasjukov, Alexander"]
[Black "Ostashevsky, Gennady"]
[Result "0-1"]
[WhiteElo "2198"]
[BlackElo "2183"]
[PlyCount "104"]
[EventDate "2008.03.11"]
[EventType "swiss"]
[EventRounds "9"]
[EventCountry "RUS"]
[SourceTitle "EXT 2022"]
[Source "ChessBase"]
[SourceDate "2021.10.06"]
[SourceVersion "1"]
[SourceVersionDate "2021.10.06"]
[SourceQuality "1"]

1. Nf3 Nf6 2. b3 g6 3. Bb2 Bg7 4. e3 0-0 5. c4 d6 6. d4 Nbd7 7. Nbd2 Re8 8. Qc2 e5 9. dxe5 Nxe5 10. Nxe5 dxe5 11. Rd1 Qe7 12. Be2 e4 13. 0-0 h5 14. c5 h4 15. h3 Bf5 16. b4 a6 17. a3 g5 18. Nb3 Bd7 19. Nd4 c6 20. Rd2 g4 21. hxg4 Nxg4 22. Bxg4 Bxg4 23. Ne2 Bxb2 24. Qxb2 Bxe2 25. Rxe2 Rad8 26. f4 Rd3 27. Kf2 Qe6 28. Rh1 Qg4 29. Rh3 Re6 30. Kg1 Rg6 31. Kh1 Qh5 32. Rf2 Rg3 33. Qf6 Rxh3+ 34. gxh3 Rxe3 35. Kh2 Re2 36. Kg1 Rxf2 37. Kxf2 Kh7 38. f5 Qf3+ 39. Ke1 Qg3+ 40. Ke2 Kg8 41. Qd8+ Kh7 42. Qf6 Kg8 43. Qd8+ Kg7 44. Qd4+ Kh7 45. Qxe4 Qh2+ 46. Kd1 Qxh3 47. f6+ Kh6 48. Qf4+ Kg6 49. Qe4+ Kxf6 50. Qf4+ Kg6 51. Qd6+ Qe6 52. Qd3+ Qf5 0-1

[Event "Pardubice Czech op"]
[Site "Pardubice"]
[Date "2007.07.25"]
[Round "6"]
[White "Vasjukov, Alexander"]
[Black "Lagerman, Robert"]
[Result "1-0"]
[WhiteElo "2198"]
[BlackElo "2315"]
[PlyCount "67"]
[EventDate "2007.07.20"]
[EventType "swiss"]
[EventRounds "9"]
[EventCountry "CZE"]
[SourceTitle "CBM 119 Extra"]
[Source "ChessBase"]
[SourceDate "2007.09.04"]
[SourceVersion "1"]
[SourceVersionDate "2007.09.04"]
[SourceQuality "1"]

1. e4 e5 2. Bc4 Nf6 3. d3 c6 4. Nf3 d5 5. Bb3 Bd6 6. Nc3 dxe4 7. Ng5 0-0 8. Ncxe4 Nxe4 9. Nxe4 Bf5 10. Qf3 Bxe4 11. dxe4 Nd7 12. c3 Nc5 13. Bc2 Ne6 14. 0-0 Qe7 15. g3 a5 16. Bd2 Rfd8 17. Rad1 Bc5 18. Kh1 Rd7 19. Bc1 Rxd1 20. Qxd1 Rd8 21. Qe2 b5 22. a4 Nc7 23. Bb3 Kh8 24. h4 f6 25. Kg2 Qd7 26. h5 h6 27. Rd1 Qe7 28. Rxd8+ Qxd8 29. Be3 Bxe3 30. Qxe3 Ne8 31. Qc5 Qd6 32. Qa7 Qd8 33. Qb7 Qc7 34. Qa8 1-0

[Event "Pardubice Czech op"]
[Site "Pardubice"]
[Date "2007.07.23"]
[Round "4"]
[White "Vasjukov, Alexander"]
[Black "Granovskiy, Alexandr"]
[Result "1-0"]
[WhiteElo "2198"]
[BlackElo "2341"]
[PlyCount "113"]
[EventDate "2007.07.20"]
[EventType "swiss"]
[EventRounds "9"]
[EventCountry "CZE"]
[SourceTitle "CBM 119 Extra"]
[Source "ChessBase"]
[SourceDate "2007.09.04"]
[SourceVersion "1"]
[SourceVersionDate "2007.09.04"]
[SourceQuality "1"]

1. e4 c5 2. Nf3 Nc6 3. Bb5 d6 4. d4 cxd4 5. Qxd4 Bd7 6. Bxc6 Bxc6 7. Nc3 Nf6 8. Bg5 e6 9. 0-0-0 Be7 10. Rhe1 h6 11. Bf4 e5 12. Nxe5 dxe5 13. Qxe5 Nd7 14. Qxg7 Bf6 15. Qg3 Bg5 16. Nd5 Kf8 17. Qa3+ Kg7 18. Bxg5 Qxg5+ 19. f4 Qh4 20. g3 Qh3 21. Ne7 Rhe8 22. Qc3+ Kh7 23. Nxc6 bxc6 24. Qxc6 Nf8 25. e5 Kg8 26. Rd2 Rad8 27. Red1 Rxd2 28. Rxd2 Rc8 29. Qa6 Rc7 30. b3 Rd7 31. Rxd7 Qxd7 32. Qxh6 Qd4 33. Qd6 Qa1+ 34. Kd2 Qxa2 35. h4 Qa5+ 36. Ke2 Qc3 37. Qd3 Qc5 38. Kd2 Qg1 39. Qe3 Qh1 40. Kc3 Qa1+ 41. Kd2 Qa5+ 42. Qc3 Qd5+ 43. Kc1 Ne6 44. Kb2 Nd4 45. Qd3 a5 46. h5 Kg7 47. g4 Kh6 48. Qa6+ Kh7 49. Qc4 Qxc4 50. bxc4 Kh6 51. f5 Nc6 52. e6 fxe6 53. fxe6 Kg5 54. Ka3 Kf6 55. h6 Ne7 56. Ka4 Kxe6 57. Kxa5 1-0